000 00531nam a2200193Ia 4500
005 20250508163711.0
008 008 250505s9999 xx 000 0 eng d
037 _aTextual
040 _aFEDL
_beng
_cFEDL
041 _aeng
_2eng
084 _a370.15, SHA
_qFEDL
100 _aSharma R. N.
245 0 _aAdvanced educational psychology
260 _aDelhi, India
_bSurjeet Publications
300 _avi,515p.
650 _aEducation - Psychology
942 _cTEXL
_h370.15, SHA
999 _c1384783
_d1384783